Tropical departures / Simon Véga (Record no. 1706)

MARC details
000 -LEADER
campo de control de longitud fija 00476nam a22001337a 4500
008 - DATOS DE LONGITUD FIJA--INFORMACIÓN GENERAL
campo de control de longitud fija 190123b xxu||||| |||| 00| 0 eng d
020 ## - NÚMERO INTERNACIONAL ESTÁNDAR DEL LIBRO
Número Internacional Estándar del Libro 9783869844961
082 ## - NÚMERO DE LA CLASIFICACIÓN DECIMAL DEWEY
Número de clasificación 708
Número de ítem V422t
100 ## - ENTRADA PRINCIPAL--NOMBRE DE PERSONA
Nombre de persona Galerie Ernst Hilger (Ed.)
9 (RLIN) 6862
245 ## - MENCIÓN DEL TÍTULO
Título Tropical departures / Simon Véga
260 ## - PUBLICACIÓN, DISTRIBUCIÓN, ETC.
Lugar de publicación, distribución, etc. Austria
Nombre del editor, distribuidor, etc. Galerie Ernst Hilger
Fecha de publicación, distribución, etc. 2013
300 ## - DESCRIPCIÓN FÍSICA
Extensión 64 p.
Otras características físicas ill (col)
Dimensiones 22 x 28 cm
650 ## - PUNTO DE ACCESO ADICIONAL DE MATERIA--TÉRMINO DE MATERIA
Fuente del encabezamiento o término Arte contemporáneo
Subdivisión de forma Arte - exhibiciones
Subdivisión general Arte - catálogos de exhibición
Subdivisión geográfica Arte - El Salvador
9 (RLIN) 6863
Holdings
Estatus retirado Estado de pérdida Fuente del sistema de clasificación o colocación Estado de daño No para préstamo Biblioteca de origen Biblioteca actual Ubicación en estantería Fecha de adquisición Total de préstamos Signatura topográfica completa Código de barras Visto por última vez Precio de reemplazo Tipo de ítem Koha
    Clasificación Decimal Dewey     Biblioteca LadoV Biblioteca LadoV   23/01/2019   708 V422t 004684 23/01/2019 23/01/2019 Material 01